000 00686nam a2200229Ia 4500
003 OSt
005 20220923211858.0
006 a|||||r|||| 00| 0
007 ta
008 Pun
024 _a65,155
037 _cTextual
040 _aARTS
_cARTS
_bPun
041 _2Pun
_aPun
082 _aQ8441:2I69,JP, 153K9
100 _aਸੇਵਕ, ਸੇਵਾ ਸਿੰਘ, ਥਦ.
245 0 _aਪ੍ਰਾਚੀਨ ਜਨਮ ਸਾਖੀ (ਸ੍ਰੀ ਗੁਰੂ ਨਾਨਕ ਦੇਵ ਜੀ)
260 _c1969
650 _aਧਰਮ
942 _hQ8441:2I69,JP, 153K9
_cTEXL
_2CC
999 _c304325
_d304325